| 000 | 01366nam0a22002651 4500 | ||
|---|---|---|---|
| 001 | rc\649493 | ||
| 005 | 20250621195815.0 | ||
| 035 | _a(NLR Aleph) 005889783 | ||
| 090 |
_a6165277 _c6165277 |
||
| 100 | _a20031121d1986 |||y0rusy50 ca | ||
| 101 | 0 | _arus | |
| 102 | _aRU | ||
| 105 | _ay ||||||||| | ||
| 200 | 1 |
_aСтруктура и функции лизосом _eТез. докл. третьего всесоюз. симпоз. с междунар. участием, посвящ. памяти акад. АМН СССР А.А. Покровского (1916-1976 гг.), Тбилиси, 17-21 нояб. 1986 г. _fГл. ред. С.С. Дебов] |
|
| 210 |
_aМ. _cБ. и. _d1986 |
||
| 215 |
_a271 с. _d20 |
||
| 300 | _aВ надзаг.: АН СССР, Науч. совет по пробл. биохимии животных и человека, М-во здравоохранения ГССР, Тбил. гос. мед. ин-т, АМН СССР, Ин-т питания | ||
| 702 | 1 |
_4340 _7ca _8rus _aДебов _bС. С. _f1919-1995 _gСергей Сергеевич _9252751 _3RU\NLR\AUTH\770252807 |
|
| 712 | 0 | 2 |
_aАН СССР _bНауч. совет по проблеме "Биохимия животных и человека" |
| 801 | 0 |
_aRU _bNLR _gpsbo |
|
| 801 | 1 |
_aRU _bELAR _2rusmarc |
|
| 852 |
_aNLR _j86-3/13669 |
||
| 942 | _cBOOK | ||
| 980 | _aNB | ||